00521nam a2200193 a 4500001001300000003000900013005001700022008004100039020002300080082001500103100002100118245007700139260002400216300000900240500003500249505001000284650001200294700002100306nice12345678IN_TiNIC20260116014829.0050524s2004 lona grp 000 0 eng  a184413 c78700a211.8bMCG aMcgrath, Alister aTwilight of Atheismb the Rise and Fall of Disbelief in the Modern World aLondonbRiderc2004 a306p aincludes index and biblioraphy2 aIndex aAtheism1 aMcgrath, Alister